Ernest Newman; (Запис № 493423)

МАРК-запис
000 -LEADER
fixed length control field 01236cam a2200289I 4500
001 - CONTROL NUMBER
control field ernestnewmanmemo00newm
003 - CONTROL NUMBER IDENTIFIER
control field CaSfIA
005 - DATE AND TIME OF LATEST TRANSACTION
control field 20210118004834.0
007 - PHYSICAL DESCRIPTION FIXED FIELD--GENERAL INFORMATION
fixed length control field cr||||
008 - FIXED-LENGTH DATA ELEMENTS--GENERAL INFORMATION
fixed length control field 720808s1964 nyu 000 0 eng c
010 ## - LIBRARY OF CONGRESS CONTROL NUMBER
LC control number 64014420
040 ## - CATALOGING SOURCE
Original cataloging agency OUN
Transcribing agency OUN
Modifying agency OCLCQ
-- OCLCG
-- DRB
-- UBY
-- CaSfIA
035 ## - SYSTEM CONTROL NUMBER
System control number (OCoLC)375420
050 00 - LIBRARY OF CONGRESS CALL NUMBER
Classification number ML423.N35
Item number N35 1964
082 #4 - DEWEY DECIMAL CLASSIFICATION NUMBER
Classification number 780.92
029 1# - (OCLC)
OCLC library identifier AU@
System control number 000027282090
100 1# - MAIN ENTRY--PERSONAL NAME
Personal name Newman, Vera,
Dates associated with a name 1895-
245 10 - TITLE STATEMENT
Title Ernest Newman;
Medium [electronic resource]
Remainder of title a memoir
Statement of responsibility, etc by his wife.
260 ## - PUBLICATION, DISTRIBUTION, ETC. (IMPRINT)
Place of publication, distribution, etc New York,
Name of publisher, distributor, etc Knopf,
Date of publication, distribution, etc 1964.
300 ## - PHYSICAL DESCRIPTION
Extent 278 p.
Other physical details illus., ports.
Dimensions 22 cm.
506 ## - RESTRICTIONS ON ACCESS NOTE
Standardized terminology for access restriction Необхідна авторизація на https://archive.org/ (створення облікового запису безкоштовно)
506 ## - RESTRICTIONS ON ACCESS NOTE
Standardized terminology for access restriction Необхідна авторизація на https://openlibrary.org/ (створення облікового запису безкоштовно)
600 10 - SUBJECT ADDED ENTRY--PERSONAL NAME
Personal name Newman, Ernest,
Dates associated with a name 1868-1959.
856 41 - ELECTRONIC LOCATION AND ACCESS
Uniform Resource Identifier <a href="http://www.archive.org/details/ernestnewmanmemo00newm">http://www.archive.org/details/ernestnewmanmemo00newm</a>
Public note Free eBook from the Internet Archive
856 42 - ELECTRONIC LOCATION AND ACCESS
Uniform Resource Identifier <a href="http://www.openlibrary.org/books/OL5912514M">http://www.openlibrary.org/books/OL5912514M</a>
Public note Additional information and access via Open Library
942 ## - ADDED ENTRY ELEMENTS (KOHA)
Koha item type ЕКнига

Немає доступних примірників.